[Event "Migoya Memorial tt"]
[Site "Camaguey"]
[Date "2018.09.27"]
[Round "9.2"]
[White "Cabrera Torres, Raul"]
[Black "Chavez Estevez, Hayler David"]
[Result "1-0"]
[WhiteElo "2256"]
[BlackElo "2249"]
[PlyCount "44"]
[EventDate "2018.09.20"]
[EventType "team-tourn"]
[EventRounds "10"]
[EventCountry "CUB"]
[SourceTitle "EXT 2021"]
[Source "ChessBase"]
[SourceDate "2020.10.23"]
[SourceVersion "1"]
[SourceVersionDate "2020.10.23"]
[SourceQuality "1"]

1. e4 e5 2. Nf3 Nc6 3. d4 exd4 4. Nxd4 Nf6 5. Nxc6 bxc6 6. Bd3 Be7 7. Nc3 d6 8. 0-0 0-0 9. f4 d5 10. e5 Ng4 11. Qf3 f6 12. h3 Nh6 13. exf6 Bc5+ 14. Kh1 Rxf6 15. Ne2 Bd7 16. b3 Nf5 17. Bb2 Rf7 18. c4 Ne3 19. cxd5 Bf5 20. Bxf5 Rxf5 21. Rfc1 Qxd5 22. Nc3 Qxf3 1-0

[Event "Camaguey Province-ch"]
[Site "Camaguey"]
[Date "2009.11.13"]
[Round "2"]
[White "Cabrera Torres, Raul"]
[Black "Hechavarria Puga, Ernesto"]
[Result "1-0"]
[WhiteElo "2355"]
[BlackElo "2080"]
[PlyCount "73"]
[EventDate "2009.11.02"]
[EventType "tourn"]
[EventRounds "18"]
[EventCountry "CUB"]
[EventCategory "1"]
[SourceTitle "EXT 2012"]
[Source "ChessBase"]
[SourceDate "2011.11.24"]
[SourceVersion "1"]
[SourceVersionDate "2011.11.24"]
[SourceQuality "1"]

1. e4 c5 2. c3 d6 3. Nf3 Nf6 4. Be2 g6 5. 0-0 Bg7 6. Qc2 0-0 7. d4 Nc6 8. Be3 cxd4 9. cxd4 Ng4 10. Nc3 Nxe3 11. fxe3 Bd7 12. Qb3 Na5 13. Qa3 Rc8 14. Rac1 Bh6 15. Kf2 a6 16. Nd5 e6 17. Nc3 Qb6 18. e5 d5 19. g4 Rfd8 20. b3 Bf8 21. Qb2 Rc7 22. Bd3 Rdc8 23. Rc2 Qa7 24. h4 b5 25. h5 Nc6 26. hxg6 Nb4 27. gxf7+ Kh8 28. Bxh7 Kxh7 29. Kg3 Kg7 30. Ng5 Be7 31. Rcf2 Rxc3 32. f8Q+ Bxf8 33. Rf7+ Kg8 34. Qxc3 Be7 35. Qe1 Rc2 36. Rxe7 Nd3 37. Qa5 1-0

[Event "Camaguey Juegos del Alba 3rd prelim"]
[Site "Camaguey"]
[Date "2009.04.17"]
[Round "4"]
[White "Cabrera Torres, Raul"]
[Black "Borda, Alan"]
[Result "1-0"]
[WhiteElo "2352"]
[BlackElo "2296"]
[PlyCount "105"]
[EventDate "2009.04.15"]
[EventType "team-tourn"]
[EventRounds "5"]
[EventCountry "CUB"]
[SourceTitle "EXT 2019"]
[Source "ChessBase"]
[SourceDate "2018.10.10"]
[SourceVersion "1"]
[SourceVersionDate "2018.10.10"]
[SourceQuality "1"]
[WhiteTeam "Camaguey"]
[BlackTeam "Bolivia"]
[WhiteTeamCountry "CUB"]
[BlackTeamCountry "BOL"]

1. e4 c6 2. c4 d5 3. cxd5 cxd5 4. exd5 Nf6 5. Nc3 Nxd5 6. Bc4 Nxc3 7. Qf3 e6 8. dxc3 Nc6 9. Bf4 Be7 10. Ne2 0-0 11. 0-0 e5 12. Be3 Qc7 13. Ng3 Nd8 14. Bd3 Ne6 15. Nf5 Rd8 16. Nxe7+ Qxe7 17. Rad1 Nf8 18. Be4 Be6 19. b3 Rxd1 20. Rxd1 Rc8 21. Bxa7 Ra8 22. Qe3 Qa3 23. Bc5 Qxa2 24. b4 Rd8 25. Qe1 Rxd1 26. Qxd1 Bb3 27. Qe1 Bd5 28. h3 f6 29. Bxf8 Bxe4 30. Qxe4 Kxf8 31. Qxb7 Qa1+ 32. Kh2 Qxc3 33. b5 Qd4 34. Qf3 Ke7 35. g3 e4 36. Qa3+ Kd7 37. Qa2 Kc7 38. h4 e3 39. Qc2+ Kd8 40. fxe3 Qxe3 41. Qg2 Qd4 42. Qa2 f5 43. Qa8+ Kc7 44. Qc6+ Kd8 45. Qa8+ Kc7 46. Qa5+ Kc8 47. Qa2 Kd8 48. b6 Qxb6 49. Qg8+ Ke7 50. Qxg7+ Ke8 51. Qh8+ Kf7 52. Qxh7+ Ke8 53. Qxf5 1-0

[Event "Matanzas Batalla de Ideas-A 4th"]
[Site "Matanzas"]
[Date "2007.07.21"]
[Round "9"]
[White "Cabrera Torres, Raul"]
[Black "Hernandez Marquez, Noel"]
[Result "0-1"]
[WhiteElo "2275"]
[BlackElo "2328"]
[PlyCount "44"]
[EventDate "2007.07.15"]
[EventType "tourn"]
[EventRounds "11"]
[EventCountry "CUB"]
[EventCategory "1"]
[SourceTitle "EXT 2019"]
[Source "ChessBase"]
[SourceDate "2018.10.10"]
[SourceVersion "1"]
[SourceVersionDate "2018.10.10"]
[SourceQuality "1"]

1. e4 e5 2. d4 exd4 3. Qxd4 Nc6 4. Qe3 Nf6 5. Nc3 Bb4 6. Bd2 0-0 7. 0-0-0 Re8 8. Bc4 Ne5 9. Be2 d6 10. h3 Ng6 11. Bf3 c6 12. g4 d5 13. Qe1 Qc7 14. Nb1 Bd6 15. Nc3 Nh4 16. Be2 d4 17. e5 dxc3 18. exf6 cxd2+ 19. Rxd2 Qa5 20. f3 Qxa2 21. Rd1 Ng2 22. Qc3 Ne3 0-1

[Event "Matanzas Batalla de Ideas-A 4th"]
[Site "Matanzas"]
[Date "2007.07.20"]
[Round "8"]
[White "Martinez Socorro, Noel"]
[Black "Cabrera Torres, Raul"]
[Result "0-1"]
[WhiteElo "2207"]
[BlackElo "2275"]
[PlyCount "49"]
[EventDate "2007.07.15"]
[EventType "tourn"]
[EventRounds "11"]
[EventCountry "CUB"]
[EventCategory "1"]
[SourceTitle "EXT 2019"]
[Source "ChessBase"]
[SourceDate "2018.10.10"]
[SourceVersion "1"]
[SourceVersionDate "2018.10.10"]
[SourceQuality "1"]

1. e4 c6 2. d4 d5 3. Nc3 dxe4 4. Nxe4 Nf6 5. Nxf6+ gxf6 6. Nf3 Bg4 7. Be2 e6 8. h3 Bh5 9. 0-0 Qc7 10. c4 Nd7 11. d5 Bc5 12. b4 Bxb4 13. Nd4 Bxe2 14. Qxe2 Ne5 15. dxe6 0-0-0 16. Be3 Bc5 17. Rad1 Rde8 18. exf7 Qxf7 19. Nf5 Bxe3 20. Qxe3 Kb8 21. Nd6 Qh5 22. Qb3 Re7 23. Nxb7 Rg8 24. Rb1 Ka8 25. Rfd1 0-1

[Event "Matanzas Batalla de Ideas-A 4th"]
[Site "Matanzas"]
[Date "2007.07.19"]
[Round "7"]
[White "Cabrera Torres, Raul"]
[Black "Gonzalez Gomez, Ronier"]
[Result "1/2-1/2"]
[WhiteElo "2275"]
[BlackElo "2220"]
[PlyCount "60"]
[EventDate "2007.07.15"]
[EventType "tourn"]
[EventRounds "11"]
[EventCountry "CUB"]
[EventCategory "1"]
[SourceTitle "EXT 2019"]
[Source "ChessBase"]
[SourceDate "2018.10.10"]
[SourceVersion "1"]
[SourceVersionDate "2018.10.10"]
[SourceQuality "1"]

1. e4 c6 2. d4 d5 3. exd5 cxd5 4. Bd3 Nc6 5. c3 Qc7 6. h3 e6 7. Nf3 Nf6 8. Na3 a6 9. Nc2 Be7 10. Qe2 0-0 11. 0-0 b5 12. Ne5 Nxe5 13. Bf4 Nfd7 14. Bxe5 Nxe5 15. dxe5 f5 16. a3 Bd7 17. Nd4 Kh8 18. f4 Rg8 19. g4 g6 20. Rf2 Raf8 21. Kh1 Bc5 22. Rg1 Qd8 23. Qf3 Qh4 24. Qg3 Qxg3 25. Rxg3 Bxd4 26. cxd4 Rc8 27. gxf5 gxf5 28. Rxg8+ Kxg8 29. Rc2 Rxc2 30. Bxc2 a5 1/2-1/2